Remote sensing yearbook 1990
Saved in:
| Other Authors: | , , |
|---|---|
| Format: | Book |
| Language: | English |
| Published: |
London :
Taylor and Francis,
1990
|
| Series: | Remote sensing yearbook ;
; 4 |
| Subjects: | |
| Tags: |
Add Tag
No Tags, Be the first to tag this record!
|
MARC
| LEADER | 00000nam a2200000 i 4500 | ||
|---|---|---|---|
| 001 | 1/66997 | ||
| 008 | 931022s1990 eng d | ||
| 020 | |a 0-85066-808-5 | ||
| 035 | |a ΛΕΣΒΟΣb10001821 |l 10001821 | ||
| 040 | |a GR-MY-UA |b gre |e aacr | ||
| 041 | 0 | |a eng | |
| 082 | 0 | |a 621.367805 | |
| 245 | 1 | 0 | |a Remote sensing yearbook 1990 / |c Edited by Arthur Cracknell; Ladson Hayes; Huang Wei Gen |
| 260 | |a London : |b Taylor and Francis, |c 1990 | ||
| 300 | |a 319 p. |b tables; figures | ||
| 490 | 1 | |a Remote sensing yearbook |v ; 4 | |
| 650 | 0 | 0 | |a Remote sensing |x Periodicals. |
| 700 | 1 | |a Cracknell, Arthur P. |4 edt | |
| 700 | 1 | |a Hayes, Ladson. |4 edt | |
| 700 | 1 | |a Wei Gen, Huang. |4 edt | |
| 830 | 0 | |a Remote sensing yearbook ; |v ; 4 | |
| 852 | |a INST |b LESVOS |e 19931022 |h 621.367805 REM |p 005100005824 |q 005100005824 |t BK |y 0 | ||
| 909 | |a Λ |b 021791 | ||